000 00436nam a22001457a 4500
005 20250715170119.0
008 250715b |||||||| |||| 00| 0 eng d
020 _a9780664229955
050 _aBT 198
_b.5C1 SCH
100 _aSCHNACKENBURG, RUDOLF
245 _aJESUS IN THE GOSPELS
_bA Biblical Christology
_cRUDOLF SCHNACKENBURG
260 _aKENTUCKEY
_bWESTMINSTER JOHN KNOX PRESS
_cc2005
300 _axv,; 383p.;
942 _2lcc
_cBK
_n0
999 _c6977
_d6977